| 000 | 00490nam a2200157 i 4500 | ||
|---|---|---|---|
| 001 | 46238 | ||
| 003 | ES-MaACL | ||
| 005 | 20230906161340.0 | ||
| 007 | t| | ||
| 008 | 030328s1970 mx ||||1| spa d | ||
| 245 | 0 | 0 |
_aCompilación alfabética semanario judicial de la Federación _b: sexta época cuarta parte : ejecutorias de la tercera sala... |
| 250 | _a1ª ed. | ||
| 260 |
_aMéxico, D.F. : _bCárdenas, _c1970. |
||
| 300 |
_a851 p. ; _c24 cm. |
||
| 852 |
_aES-MaACL _jE-9211 _bR.93953 |
||
| 999 |
_c46238 _d46238 |
||